00000000nam 2200000zi 4500
0019.924689
003CaOODSP
00520241121125158
006m     o  d f      
007cr |n|||||||||
008230626e200709##qucdab  ob   f|0| 0 fre d
040 |aCaOODSP|bfre|erda|cCaOODSP
041 |afre|bfre|beng
043 |an-cn-qu
0861 |aCW66-1201/2007F-PDF
1001 |aLatendresse, Claudie, |eauteur.
24513|aLa tourbière de Mirabel, Québec : |bcartographie de la végétation, inventaire des oiseaux et perpectives de conservation / |cClaudie Latendresse, Luc Robillard, Bruno Drolet, Vincent Carignan.
264 1|aSainte-Foy, Québec : |bEnvironnement Canada, Service canadien de la faune = Environment Canada, Canadian Wildlife Service, |cseptembre 2007.
300 |a1 ressource en ligne (vii, 49, [20] pages) : |bcartes, graphiques, illustrations
336 |atexte|btxt|2rdacontent/fre
337 |ainformatique|bc|2rdamedia/fre
338 |aressource en ligne|bcr|2rdacarrier/fre
500 |aÉdition numérisée de l’imprimé [par Environnement et changement climatique Canada].
504 |aComprend des références bibliographiques (pages 45-49).
546 |aComprend un résumé en anglais.
650 6|aTourbières|xConservation|zQuébec (Province)|zMirabel, Région de.
650 6|aOiseaux|xInventaires|zQuébec (Province)|zMirabel, Région de.
650 0|aPeatland conservation|zQuébec (Province)|zMirabel Region.
650 0|aBird surveys|zQuébec (Province)|zMirabel Region.
7101 |aCanada. |bEnvironnement Canada, |eorganisme de publication.
7102 |aService canadien de la faune, |eorganisme de publication.
85640|qPDF|s8.37 Mo|uhttps://publications.gc.ca/collections/collection_2024/eccc/cw66/CW66-1201-2007-fra.pdf